000 00989nam a2200253 a 4500
001 000046697
005 20250129172553.0
008 180319s2017 dr a 000 0 spa d
020 _a9789945503043
040 _aDO-SdBNP
_bspa
_cBNPHU
082 _axxxx
_bxxxx
100 1 _aMiesesBurgos, Franklin,
_d1907-1976
_974655
245 1 3 _aEl sembrador de voces :
_bselección poética /
_cFranklin Mieses Burgos ; prólogo Federico Henríquez Gratereaux ; selección José Enrique García.
260 _aSanto Domingo :
_bMinisterio de Cultura,
_c2017.
300 _axxvii, 164 p. :
_bil. ;
_c19 cm.
490 1 _aBiblioteca dominicana básica ;
_v3
490 1 _aPoesía ;
500 _aIncluye datos biográficos del autor en las solapas
590 _aInventariado, 2018/BT
700 1 _aHenríquez Gratereaux, Federico,
_d1937-
_epról.
_92003
700 1 _aGarcía, José Enrique,
_d1948-
_esel.
_922487
830 0 _aBiblioteca dominicana básica ;
_n3
_974656
830 0 _aPoesía ;
_91183
999 _c46186
_d46186